Guess the Countries by its Coat of Arms (Asia Edition) Part 1 - Statistics

General Stats
  • This quiz has been taken 9 times
  • The average score is 16 of 19
Answer Stats
Picture Answer % Correct
Iraq
100%
Afghanistan
86%
Armenia
86%
Azerbaijan
86%
Bhutan
86%
China
86%
Georgia
86%
India
86%
Iran
86%
Kazakhstan
86%
Kyrgyzstan
86%
Myanmar
86%
Nepal
86%
Pakistan
86%
Tajikistan
86%
Thailand
86%
Turkmenistan
86%
Uzbekistan
86%
Turkiye
43%
No matching quizzes found
Score Distribution
Percent of People with Each Score
Percentile by Number Answered
Your Score History
You have not taken this quiz